00189 a2200085 450000500170000010000270001724500260004426000250007030000080009520260309133612.0 aIqbal, Arslan (111042) aBank Alfalah Limited  aMultan:bAUMC,c2014 a51p